| 000 | 01481cam a2200385 a 4500 | ||
|---|---|---|---|
| 001 | 2923 | ||
| 003 | FISKH | ||
| 005 | 20240130085724.0 | ||
| 008 | 070316s2007 nyu c 000 1 eng | ||
| 010 | _a 2007005181 | ||
| 020 | _a9780439023443 (trade bdg.) | ||
| 020 | _a0439023440 (trade bdg.) | ||
| 020 | _a0439023459 (alk. paper) | ||
| 020 | _a9780439023450 (alk. paper) | ||
| 035 | _a(OCoLC)ocm86090238 | ||
| 035 | _a(OCoLC)86090238 | ||
| 040 |
_aDLC _cDLC _dBKX _dBAKER _dBTCTA _dYDXCP _dDLC _beng |
||
| 042 | _alcac | ||
| 050 | 1 | 0 |
_aPZ7.C94137 _bEl 2007 |
| 082 | 0 | 0 |
_a[Fic] _222 |
| 100 | 1 | _aCurtis, Christopher Paul. | |
| 245 | 1 | 0 |
_aElijah of Buxton / _cChristopher Paul Curtis. |
| 250 | _aThis edition first printing, February 2009 | ||
| 260 |
_aNew York : _bScholastic, _c2007 |
||
| 300 |
_a341 pages ; _c20 cm |
||
| 520 | _aIn 1859, eleven-year-old Elijah Freeman, the first free-born child in Buxton, Canada, which is a haven for slaves fleeing the American south, uses his wits and skills to try to bring to justice the lying preacher who has stolen money that was to be used to buy a family's freedom. | ||
| 586 | _aNewbery Honor Book, 2008. | ||
| 650 | 1 |
_aFreedom _vFiction. |
|
| 650 | 1 |
_aSlavery _vFiction. |
|
| 650 | 1 |
_aBlack people _zCanada _vFiction. |
|
| 651 | 1 |
_aNorth Buxton (Ont.) _xHistory _y19th century _vFiction. |
|
| 651 | 1 |
_aCanada _xHistory _y1763-1867 _vFiction. |
|
| 906 |
_a7 _bcbc _corignew _d1 _eecip _f20 _gy-gencatlg |
||
| 942 |
_2ddc _cBK _n0 |
||
| 999 |
_c2923 _d2923 |
||